| 000 -LEADER |
| fixed length control field |
01386cam a2200325 a 4500 |
| 001 - CONTROL NUMBER |
| control field |
2085632 |
| 005 - DATE AND TIME OF LATEST TRANSACTION |
| control field |
20170105102347.0 |
| 008 - FIXED-LENGTH DATA ELEMENTS--GENERAL INFORMATION |
| fixed length control field |
950206r1995 nyua b 001 0 eng |
| 010 ## - LIBRARY OF CONGRESS CONTROL NUMBER |
| LC control number |
95001229 |
| 020 ## - INTERNATIONAL STANDARD BOOK NUMBER |
| International Standard Book Number |
0780310780 |
| 040 ## - CATALOGING SOURCE |
| Original cataloging agency |
DLC |
| Transcribing agency |
DLC |
| Modifying agency |
DLC |
| 050 00 - LIBRARY OF CONGRESS CALL NUMBER |
| Classification number |
TK7871.6 |
| Item number |
.M512 1995 |
| 082 00 - DEWEY DECIMAL CLASSIFICATION NUMBER |
| Classification number |
621.381331 |
| Edition number |
20 |
| 100 ## - MAIN ENTRY--PERSONAL NAME |
| Relator code |
Pozar, David M. |
| 245 00 - TITLE STATEMENT |
| Title |
Microstrip antennas : the analysis and design of microstrip antennas and arrays |
| Remainder of title |
the analysis and design of microstrip antennas and arrays |
| Statement of responsibility, etc. |
David M. Pozar, Daniel H. Schaubert. |
| 260 ## - PUBLICATION, DISTRIBUTION, ETC. |
| Place of publication, distribution, etc. |
New York : |
| Name of publisher, distributor, etc. |
Institute of Electrical and Electronics Engineers, |
| Date of publication, distribution, etc. |
c1995. |
| 300 ## - PHYSICAL DESCRIPTION |
| Extent |
x, 431 p. : |
| Other physical details |
ill. ; |
| Dimensions |
29 cm. |
| 500 ## - GENERAL NOTE |
| General note |
"A selected reprint volume." |
| 500 ## - GENERAL NOTE |
| General note |
"IEEE Antennas and Propagation Society, sponsor." |
| 504 ## - BIBLIOGRAPHY, ETC. NOTE |
| Bibliography, etc. note |
Includes bibliographical references and indexes. |
| 650 #0 - SUBJECT ADDED ENTRY--TOPICAL TERM |
| Topical term or geographic name entry element |
Microstrip antennas. |
| 700 1# - ADDED ENTRY--PERSONAL NAME |
| Personal name |
Pozar, David M. |
| 700 1# - ADDED ENTRY--PERSONAL NAME |
| Personal name |
Schaubert, D. |
| 710 2# - ADDED ENTRY--CORPORATE NAME |
| Corporate name or jurisdiction name as entry element |
IEEE Antennas and Propagation Society. |
| 856 42 - ELECTRONIC LOCATION AND ACCESS |
| Materials specified |
Publisher description |
| Uniform Resource Identifier |
<a href="http://www.loc.gov/catdir/description/wiley036/95001229.html">http://www.loc.gov/catdir/description/wiley036/95001229.html</a> |
| 856 4# - ELECTRONIC LOCATION AND ACCESS |
| Materials specified |
Table of Contents |
| Uniform Resource Identifier |
<a href="http://www.loc.gov/catdir/toc/onix07/95001229.html">http://www.loc.gov/catdir/toc/onix07/95001229.html</a> |
| 906 ## - LOCAL DATA ELEMENT F, LDF (RLIN) |
| a |
7 |
| b |
cbc |
| c |
orignew |
| d |
1 |
| e |
ocip |
| f |
19 |
| g |
y-gencatlg |
| 942 ## - ADDED ENTRY ELEMENTS (KOHA) |
| Source of classification or shelving scheme |
|
| Koha item type |
Book |